000 00830nam a2200253Ia 4500
003 OSt
005 20221005104528.0
006 a|||||r|||| 00| 0
007 ta
008 221004b |||||||| |||| 00| 0 hin d
024 _a32681
037 _cTextual
040 _aCRL
_cCRL
_bhin
041 _2hin
_ahin
082 _aO152,6N55x, P0
100 _aअग्रवाल, पुरुषोतम
245 0 _aविचार का अनंत
246 _aVichār kā ananta
260 _aदिल्ली
_bराजकमल प्रकाशन प्रा. लि. भारत
_c2010
300 _a183पृ.
_ccm.
650 _aहिन्दी निबंध
942 _hO152,6N55x, P0
_cTEXL
_2cc
999 _c1012993
_d1012993